000 00810nam a22002777a 4500
003 CHAP
005 20220329135246.0
008 971013s1971 r 00010 d
010 _a33398
011 _a34370
035 _a38486
040 _cCHAP
082 _a576.6
_bC8Y
100 0 0 _aCunningham, Charles H.
_930457
245 _aVirología práctica
260 _aZaragoza :
_bAcribia,
_c(1971)
300 _a260 p.
_b:ilus.
500 _aTrad. de la 6 ed. en inglés
590 _aBATCH-UPD
_b10
_c20130110
_lUCH01
_h1022
590 _aCONVERSION
_b10
_c20130109
_lUCH01
_h1319
650 1 4 _aVirus.
_9119936
901 _aBK
942 _cLIBRO
949 _a576.6 C8Y
_bBC
_cLIBRO
_d33724000429635
_eLIBRO
_h17841
_i38486
_si
949 _a576.6 C8Y
_bBC
_cLIBRO
_d33724000429643
_eLIBRO
_fc.2
_h36920
_i38486
_si
999 _c33398
_d33398